Factsheet 14: Tenancy deposit schemes (Record no. 75778)
[ view plain ]
| 000 -LEADER | |
|---|---|
| fixed length control field | 01387cab a2200205 4500 |
| 001 - CONTROL NUMBER | |
| control field | L130697 |
| 008 - FIXED-LENGTH DATA ELEMENTS--GENERAL INFORMATION | |
| fixed length control field | 050824n2005 000 0 eng u |
| 035 ## - SYSTEM CONTROL NUMBER | |
| System control number | (Sirsi) u130697 |
| 041 ## - LANGUAGE CODE | |
| Language code of text/sound track or separate title | eng |
| 110 ## - MAIN ENTRY--CORPORATE NAME | |
| Corporate name or jurisdiction name as entry element | Office of the Deputy Prime Minister |
| 9 (RLIN) | 4685 |
| 245 ## - TITLE STATEMENT | |
| Title | Factsheet 14: Tenancy deposit schemes |
| 260 ## - PUBLICATION, DISTRIBUTION, ETC. | |
| Place of publication, distribution, etc. | London |
| Name of publisher, distributor, etc. | ODPM |
| Date of publication, distribution, etc. | 2005 |
| 490 ## - SERIES STATEMENT | |
| Series statement | ODPM Housing Factsheet |
| 520 ## - SUMMARY, ETC. | |
| Summary, etc. | Provides an introduction to the concept of the tenancy deposit scheme which is part of a government drive to ensure that a tenant paying a deposit to their landlord in good faith will have it back at the end of the tenancy provided that the tenant does not cause any damage or theft to the property. Where private sector landlords or their agents require tenancy deposits they should be safeguarded by a tenancy deposit scheme. Contains background to the schemes, proposed changes to the Housing Act 2004, frequently asked questions and details of the future implementation of the provisions. |
| 650 ## - SUBJECT ADDED ENTRY--TOPICAL TERM | |
| Topical term or geographic name entry element | HOUSING ACT 2004 |
| 650 ## - SUBJECT ADDED ENTRY--TOPICAL TERM | |
| Topical term or geographic name entry element | HOUSING ACT 2004 PART VI |
| 690 ## - LOCAL SUBJECT ADDED ENTRY--TOPICAL TERM (OCLC, RLIN) | |
| Topical term or geographic name as entry element | PROPERTY-RESIDENTIAL PROPERTY-RESIDENTIAL LANDLORD AND TENANT-RESIDENTIAL LANDLORD AND TENANT REFORM |
| 856 ## - ELECTRONIC LOCATION AND ACCESS | |
| Uniform Resource Identifier | <a href="https://webarchive.nationalarchives.gov.uk/+/http://www.communities.gov.uk/index.asp?id=1152036">https://webarchive.nationalarchives.gov.uk/+/http://www.communities.gov.uk/index.asp?id=1152036</a> |
| Public note | View the ODPM factsheet free of charge at the webarchive.nationalarchives.gov.uk website. |
| 942 ## - ADDED ENTRY ELEMENTS (KOHA) | |
| Suppress in OPAC | 0 |
| Withdrawn status | Lost status | Source of classification or shelving scheme | Damaged status | Not for loan | Home library | Current library | Shelving location | Date acquired | Total Checkouts | Full call number | Barcode | Date last seen | Copy number | Price effective from | Koha item type |
|---|---|---|---|---|---|---|---|---|---|---|---|---|---|---|---|
| Dewey Decimal Classification | Virtual | Virtual | Online | 24/08/2005 | ONLINE PUBLICATION | 130697-2001 | 06/08/2019 | 1 | 06/08/2019 | Book |